000 00571nam a2200193Ia 4500
003 GCL
005 20240530104349.0
008 140319s9999 xx 000 0 ara d
040 _aGCL /
_cGCL
082 0 4 _a811.9
_bس ا
100 1 _aسميح القاسم
245 1 0 _aارم : قصيدة فى سبعة اناشيد /
_cسميح القاسم
300 _a96 ص
490 _aالهيئة العامة للاستعلامات
_v0
650 0 4 _aالشعر العربى
650 0 4 _aالادب العربى
650 0 4 _aالعصر الحديث
942 _2ddc
_cBK
999 _c46865
_d46865